| 000 | 00714nam a2200217 a 4500 | ||
|---|---|---|---|
| 005 | 20220610135650.0 | ||
| 008 | 060428s2004 es r 000 0 spa d | ||
| 020 | _a8466736662 | ||
| 035 | _aUPN01000144034 | ||
| 049 | _aCG | ||
| 050 | 4 |
_aPQ7085 _bC8.36 |
|
| 245 | 0 | 0 |
_aCuentos hispanoamericanos del siglo XX / _ced. Juan Carlos Peinado ; Horacio Quiroga ... [et al.]. |
| 260 |
_aMadrid : _bAnaya, _c2004. |
||
| 300 |
_a156 p. : _bil. |
||
| 440 | 0 |
_aNueva biblioteca didáctica ; _v23 |
|
| 650 | 0 |
_aCuentos hispanoamericanos _912873 |
|
| 650 | 0 |
_aLiteratura hispanoamericana _ySiglo XX _923499 |
|
| 700 | 1 |
_aQuiroga, Horacio, _d1878-1937 _ecoaut. _929892 |
|
| 700 | 1 |
_aPeinado, Juan Carlo, _eed. |
|
| 905 | _aLibro | ||
| 999 |
_c116181 _d116181 |
||